| 000 | 00502nam a2200217Ia 4500 | ||
|---|---|---|---|
| 003 | 0100 | ||
| 008 | 130303s9999 xx 000 0 und d | ||
| 020 | _a879736097 | ||
| 040 | _cARRUPELIB | ||
| 050 | _aBS2440.R841984 | ||
| 100 | _aRuffin, Bernard | ||
| 245 | 4 | _aThe Twelve | |
| 245 | _bthe lives of the Apostoles after Calvary | ||
| 260 | _aHuntington | ||
| 260 | _bOur Sunday Visitor | ||
| 260 | _C1984 | ||
| 300 | _a195p. | ||
| 300 | _b 21cm. | ||
| 700 | _aBernard Ruffin | ||
| 942 | 0 | 0 | _02 |
| 999 |
_c9005 _d9005 |
||